000 00549nam a2200193Ia 4500
008 151119s9999||||xx |||||||||||||| ||und||
082 _a79.54
082 _bGKKV25656
100 _aदेशपांडे भालचंद्र
245 _aउर्वरित
260 _a--
260 _b--
260 _c0
600 _aदेशपांडे भालचंद्र
630 _aउर्वरित
700 _aदेशपांडे भालचंद्र
730 _aउर्वरित
942 _cBOOK
999 _c1078166
_d1078163